Countries in Spanish - Statistics

General Stats
  • This quiz has been taken 23 times
  • The average score is 7 of 8
Answer Stats
Spanish Answer % Correct
Grecia Greece
100%
Polonia Poland
100%
Alemania Germany
86%
Suiza Switzerland
86%
Dinamarca Denmark
82%
Reino Unido UK
82%
Chipre Cyprus
68%
Paises Bajos Netherlands
68%
No matching quizzes found
Score Distribution
Percent of People with Each Score
Percentile by Number Answered
Your Score History
You have not taken this quiz